La tinaja
Gespeichert in:
| 1. Verfasser: | |
|---|---|
| Format: | Buch |
| Sprache: | Spanisch |
| Veröffentlicht: |
Buenos Aires
Losange
1958
|
| Schriftenreihe: | Colección teatral, 72
|
| Schlagworte: | |
| Tags: |
Tag hinzufügen
Keine Tags, Fügen Sie den ersten Tag hinzu!
|
MARC
| LEADER | 00000nam a2200000 a 4500 | ||
|---|---|---|---|
| 001 | UCV8867 | ||
| 003 | CL-VaPUC | ||
| 008 | 920123e19580000AG |||||||||||||||||spa|d | ||
| 082 | 0 | 4 | |a 852 |b PIR |2 21 |
| 100 | 0 | |a Pirandello, Luigi |e author |9 302845 | |
| 245 | 1 | 3 | |a La tinaja |
| 246 | 1 | 0 | |a A la salida |
| 246 | 1 | 3 | |a La morsa |
| 300 | |a 63 p | ||
| 942 | |c BK | ||
| 945 | |d 19920123 00:00:00 | ||
| 260 | |a Buenos Aires |b Losange |c 1958 | ||
| 650 | 7 | |a DRAMAS ITALIANOS |2 CL-VaPUC |9 302846 | |
| 583 | |a last modification |c 19920123 00:00:00 |k Rodrigo Vera | ||
| 490 | 0 | |a Colección teatral, 72 | |
| 999 | |c 214295 |d 214293 | ||
| 952 | |0 0 |1 0 |4 0 |6 852_000000000000000_PIR_1958 |7 0 |8 P |9 197523 |a BIBARQ |b BIBARQ |d 2019-11-14 |i 2651971 |o 852 PIR 1958 |p 2651971 |r 2025-01-20 |w 2019-11-14 |y BK |k ARQ | ||